[Event "Corrientes Chess Open - 28 al 30 de Abril- www.corrienteschessopen.wordpress.com"]
[Site ""]
[Date "2018.04.30"]
[Round "5"]
[Board "2"]
[White "Jimenez, Joaquin"]
[Black "Bobadilla Viera, Jorge Samuel"]
[Result "1/2-1/2"]
[WhiteElo "2227"]
[BlackElo "2300"]
[PlyCount "58"]
[EventDate "2018.04.28"]
[EventRounds "6"]
[EventCountry "ARG"]

1. d4 Nf6 2. Bg5 d5 3. Nc3 e6 4. e4 dxe4 5. Nxe4 Be7 6. Bxf6 gxf6 7. Nf3 a6 8.
Bd3 b5 9. Qe2 Bb7 10. O-O-O Nd7 11. Rhe1 Nb6 12. Nc5 Bd5 13. Kb1 Qd6 14. Qd2 h5
15. Ne4 Bxe4 16. Bxe4 O-O-O 17. Qa5 Nc4 18. Qc3 Qb4 19. Qxb4 Bxb4 20. c3 Bf8
21. d5 f5 22. Bc2 Rxd5 23. Rxd5 exd5 24. Bxf5+ Kb7 25. Ne5 Nxe5 26. Rxe5 Kc6
27. Bd3 Kd6 28. Rf5 Ke6 29. h4 Be7 1/2-1/2

[Event "Corrientes Chess Open - 28 al 30 de Abril- www.corrienteschessopen.wordpress.com"]
[Site ""]
[Date "2018.04.30"]
[Round "5"]
[Board "3"]
[White "Belmonte, Diego Mariano"]
[Black "Sosa, Tomas"]
[Result "1/2-1/2"]
[WhiteElo "2318"]
[BlackElo "2451"]
[PlyCount "33"]
[EventDate "2018.04.28"]
[EventRounds "6"]
[EventCountry "ARG"]

1. d4 d5 2. c4 e6 3. Nc3 Bb4 4. e3 Nf6 5. a3 Bxc3+ 6. bxc3 c6 7. Bd3 e5 8. cxd5
e4 9. Be2 cxd5 10. c4 O-O 11. Bd2 Nc6 12. Rb1 Be6 13. c5 Qc7 14. h4 Rab8 15.
Nh3 Bxh3 16. Rxh3 b6 17. Rc1 1/2-1/2

[Event "Corrientes Chess Open - 28 al 30 de Abril- www.corrienteschessopen.wordpress.com"]
[Site ""]
[Date "2018.04.30"]
[Round "6"]
[Board "1"]
[White "Contin, Daniel"]
[Black "Tempone, Marcelo"]
[Result "1/2-1/2"]
[WhiteElo "2256"]
[BlackElo "2375"]
[PlyCount "27"]
[EventDate "2018.04.28"]
[EventRounds "6"]
[EventCountry "ARG"]

1. d4 d5 2. c4 c6 3. Nf3 Nf6 4. e3 Bg4 5. Nc3 e6 6. h3 Bxf3 7. Qxf3 Nbd7 8. Bd2
a6 9. cxd5 exd5 10. Bd3 Be7 11. O-O O-O 12. Rab1 Re8 13. b4 Nb6 14. a4 1/2-1/2

[Event "Corrientes Chess Open - 28 al 30 de Abril- www.corrienteschessopen.wordpress.com"]
[Site ""]
[Date "2018.04.30"]
[Round "6"]
[Board "2"]
[White "Bobadilla Viera, Jorge Samuel"]
[Black "Benedetti, Julio"]
[Result "0-1"]
[WhiteElo "2300"]
[BlackElo "2335"]
[PlyCount "64"]
[EventDate "2018.04.28"]
[EventRounds "6"]
[EventCountry "ARG"]

1. e4 Nc6 2. d4 e5 3. d5 Nce7 4. c4 Nf6 5. Bd3 Ng6 6. Nc3 Bc5 7. h4 h5 8. Bg5
Be7 9. g3 Ng4 10. Nh3 Bxg5 11. hxg5 d6 12. Kd2 h4 13. Be2 hxg3 14. Bxg4 g2 15.
Rh2 Nf4 16. Kc2 Rh4 17. Bf5 Bxf5 18. exf5 Rxh3 19. Rxh3 Nxh3 20. Qh5 g1=Q 21.
Rxg1 Nxg1 22. Ne4 Qe7 23. f6 g6 24. Qh1 Qf8 25. Qxg1 Qh8 26. f3 Qh3 27. Qe3 b6
28. Qa3 Qg2+ 29. Kd1 Qf1+ 30. Kd2 Qxc4 31. Nc3 a5 32. b3 Qb4 0-1

[Event "Corrientes Chess Open - 28 al 30 de Abril- www.corrienteschessopen.wordpress.com"]
[Site ""]
[Date "2018.04.30"]
[Round "6"]
[Board "3"]
[White "Robledo, Cristian"]
[Black "Jimenez, Joaquin"]
[Result "1/2-1/2"]
[WhiteElo "2329"]
[BlackElo "2227"]
[PlyCount "96"]
[EventDate "2018.04.28"]
[EventRounds "6"]
[EventCountry "ARG"]

1. d4 d5 2. c4 e6 3. Nc3 Be7 4. Bf4 Nf6 5. Rc1 O-O 6. e3 c5 7. Nf3 Nc6 8. dxc5
Bxc5 9. Be2 d4 10. exd4 Nxd4 11. O-O b6 12. Nxd4 Bxd4 13. Bf3 Bxc3 14. Qxd8
Rxd8 15. Rxc3 Bd7 16. Bxa8 Rxa8 17. Rd1 Kf8 18. Rcd3 Ke7 19. Bd6+ Ke8 20. Be5
Bc6 21. Bxf6 gxf6 22. f3 Ke7 23. Kf2 Rg8 24. c5 bxc5 25. Rc3 Rb8 26. Rxc5 Rxb2+
27. Kg3 Rb6 28. Rh5 Ra6 29. Ra1 Ra3 30. Rxh7 f5 31. h4 e5 32. Rc1 Bd5 33. Rh5
Be6 34. Rh8 f4+ 35. Kh2 e4 36. fxe4 f3 37. gxf3 Rxf3 38. Rc7+ Kd6 39. Rxa7 Ke5
40. Ra4 Rc3 41. h5 Kf4 42. Kg2 Rc2+ 43. Kf1 Bg4 44. Ra3 Rc1+ 45. Kf2 Rc2+ 46.
Ke1 Re2+ 47. Kf1 Rd2 48. h6 Rd1+ 1/2-1/2